Los pozos artesianos en Madrid / (Record no. 62944)
[ view plain ]
| 000 -LEADER | |
|---|---|
| campo de control de longitud fija | 00970nam a2200265 i 4500 |
| 001 - NÚMERO DE CONTROL | |
| campo de control | 62944 |
| 003 - IDENTIFICADOR DE NÚMERO DE CONTROL | |
| campo de control | ES-MaACL |
| 005 - FECHA Y HORA DE LA ÚLTIMA TRANSACCIÓN | |
| campo de control | 20240511063022.0 |
| 007 - CAMPO FIJO DE DESCRIPCIÓN FÍSICA--INFORMACIÓN GENERAL | |
| campo de control de longitud fija | t| |
| 008 - DATOS DE LONGITUD FIJA--INFORMACIÓN GENERAL | |
| campo de control de longitud fija | 031127s1908 sp |||| | spa d |
| 040 ## - FUENTE DE CATALOGACIÓN | |
| Centro/agencia transcriptor | ES-MaACL |
| 080 ## - NÚMERO DE LA CLASIFICACIÓN DECIMAL UNIVERSAL | |
| Número de la Clasificación Decimal Universal | 628.112.23 |
| 100 1# - ENTRADA PRINCIPAL--NOMBRE DE PERSONA | |
| Nombre de persona | Fernández Navarro, Lucas, |
| Fechas asociadas al nombre | 1869-1930 |
| 9 (RLIN) | 49953 |
| Término indicativo de función/relación | Autor |
| 245 14 - MENCIÓN DEL TÍTULO | |
| Título | Los pozos artesianos en Madrid / |
| Mención de responsabilidad, etc. | Lucas Fernández Navarro. |
| 260 ## - PUBLICACIÓN, DISTRIBUCIÓN, ETC. | |
| Lugar de publicación, distribución, etc. | Madrid : |
| Nombre del editor, distribuidor, etc. | José Blass y Cía., |
| Fecha de publicación, distribución, etc. | 1908. |
| 300 ## - DESCRIPCIÓN FÍSICA | |
| Extensión | [8] páginas. ; |
| Dimensiones | 28 cm. |
| 500 ## - NOTA GENERAL | |
| Nota general | Precede al tít.: Biblioteca de la "Revista agrícola" |
| 500 ## - NOTA GENERAL | |
| Nota general | "El presente trabajo es un extracto de la segunda parte de una conferencia pronunciada en el Ateneo de Madrid el 18 de febrero de 1908" |
| 610 24 - PUNTO DE ACCESO ADICIONAL DE MATERIA--NOMBRE DE ENTIDAD CORPORATIVA | |
| Nombre de entidad corporativa o nombre de jurisdicción como elemento de entrada | Ateneo de Madrid- |
| Subdivisión de forma | Conferencias- |
| Subdivisión cronológica | 1900-1939 |
| 9 (RLIN) | 1907 |
| 650 #7 - PUNTO DE ACCESO ADICIONAL DE MATERIA--TÉRMINO DE MATERIA | |
| Término de materia o nombre geográfico como elemento de entrada | Pozos artesianos |
| Fuente del encabezamiento o término | |
| 9 (RLIN) | 136758 |
| 852 ## - LOCALIZACIÓN | |
| Ubicación | ES-MaACL |
| Ubicación en estantería | Depósito folletos |
| Número de control de estantería | T-1187-F-7 |
| 942 ## - ELEMENTOS DE ENTRADA SECUNDARIOS (KOHA) | |
| Tipo de ítem Koha | Folleto |
| Suprimir en OPAC | No |
| Estatus retirado | Estado de pérdida | Estado de daño | No para préstamo | Colección | Biblioteca de origen | Biblioteca actual | Ubicación en estantería | Fecha de adquisición | Fuente de adquisición | Total de préstamos | Signatura topográfica completa | Código de barras | Visto por última vez | Precio de reemplazo | Tipo de ítem Koha |
|---|---|---|---|---|---|---|---|---|---|---|---|---|---|---|---|
| Colección de folletos | Biblioteca del Ateneo de Madrid | Biblioteca del Ateneo de Madrid | Depósito folletos | 17/01/2008 | T-1187-F-7 | 1065987 | 23/02/2023 | 23/02/2023 | Folleto |
